[Event "Pan American-ch School U15 12th"]
[Site "Callao"]
[Date "2023.10.20"]
[Round "8"]
[White "Cjuno Rosello, Leonel Alonso"]
[Black "Bravo Cabrera, Cesar Daniel"]
[Result "1-0"]
[WhiteElo "1446"]
[BlackElo "1175"]
[PlyCount "73"]
[EventDate "2023.10.16"]
[EventType "swiss"]
[EventRounds "9"]
[EventCountry "PER"]
[SourceTitle "Mega2024 Update 01"]
[Source "Chessbase"]
[SourceDate "2023.11.12"]
[SourceVersion "1"]
[SourceVersionDate "2023.11.12"]
[SourceQuality "1"]

1. d4 Nf6 2. Nf3 e6 3. c4 d5 4. Nc3 Be7 5. Bf4 a6 6. e3 Nbd7 7. Qc2 c5 8. Bd3 dxc4 9. Bxc4 b5 10. Bd3 Bb7 11. Ne5 c4 12. Be2 Nb6 13. Bf3 Nbd5 14. 0-0 Qb6 15. Bg3 Nxc3 16. bxc3 Bxf3 17. Nxf3 Qb7 18. a4 0-0 19. h3 Ne4 20. Bf4 Bd6 21. Ng5 Nxg5 22. Bxd6 Rfd8 23. Bf4 Ne4 24. Rfd1 g5 25. Bh2 f5 26. Ra2 Qc6 27. f3 Nf6 28. Rb2 Nd5 29. e4 Ne3 30. Qd2 f4 31. g3 e5 32. gxf4 gxf4 33. Kf2 Qe6 34. Rg1+ Kh8 35. d5 Qxh3 36. Bxf4 exf4 37. Qd4# 1-0

[Event "Pan American-ch School U15 12th"]
[Site "Callao"]
[Date "2023.10.17"]
[Round "4"]
[White "Cjuno Rosello, Leonel Alonso"]
[Black "Zuta Acosta, Lex Jayson"]
[Result "1/2-1/2"]
[WhiteElo "1446"]
[BlackElo "1186"]
[PlyCount "58"]
[EventDate "2023.10.16"]
[EventType "swiss"]
[EventRounds "9"]
[EventCountry "PER"]
[SourceTitle "Mega2024 Update 01"]
[Source "Chessbase"]
[SourceDate "2023.11.12"]
[SourceVersion "1"]
[SourceVersionDate "2023.11.12"]
[SourceQuality "1"]

1. d4 d5 2. c4 c6 3. Nc3 Nf6 4. Nf3 e6 5. Bf4 Bd6 6. Bxd6 Qxd6 7. c5 Qc7 8. e3 Nbd7 9. Bd3 0-0 10. 0-0 e5 11. Nd2 exd4 12. exd4 Re8 13. Nf3 Nf8 14. Ne5 Ng6 15. f4 b6 16. b4 bxc5 17. bxc5 Nd7 18. Rb1 Ndxe5 19. fxe5 Qe7 20. Qh5 Be6 21. Rb2 Rab8 22. Rfb1 Rxb2 23. Rxb2 Qc7 24. Qd1 Qe7 25. Ba6 Qg5 26. Ne2 Bg4 27. Qb3 Nh4 28. Qg3 Nf5 29. Qf2 Bxe2 1/2-1/2

[Event "Pan American-ch School U15 12th"]
[Site "Callao"]
[Date "2023.10.16"]
[Round "1"]
[White "Valer Vega, Gadiel Fabian"]
[Black "Cjuno Rosello, Leonel Alonso"]
[Result "0-1"]
[WhiteElo "1037"]
[BlackElo "1446"]
[PlyCount "44"]
[EventDate "2023.10.16"]
[EventType "swiss"]
[EventRounds "9"]
[EventCountry "PER"]
[SourceTitle "Mega2024 Update 01"]
[Source "Chessbase"]
[SourceDate "2023.11.12"]
[SourceVersion "1"]
[SourceVersionDate "2023.11.12"]
[SourceQuality "1"]

1. e4 e6 2. d4 d5 3. exd5 exd5 4. Nf3 Bd6 5. Bd3 Ne7 6. 0-0 Bg4 7. Be2 0-0 8. Nc3 a6 9. Re1 Nbc6 10. Bg5 f6 11. Bh4 Nf5 12. Bg3 Nxg3 13. fxg3 Ne7 14. a3 Nf5 15. Nxd5 Bxg3 16. hxg3 Qxd5 17. b3 Qd6 18. Nh2 Bxe2 19. Rxe2 Rfe8 20. Rxe8+ Rxe8 21. c3 Qxg3 22. Rc1 Qe3+ 0-1

[Event "Las Americas Team op U2400 Hybrid"]
[Site "Internet"]
[Date "2022.05.14"]
[Round "2.8"]
[White "Cjuno Rosello, Leonel Alonso"]
[Black "Aguilar Loor, Anthony Jahir"]
[Result "0-1"]
[WhiteElo "1377"]
[BlackElo "1446"]
[PlyCount "56"]
[EventDate "2022.05.14"]
[EventType "team-swiss"]
[EventRounds "5"]
[EventCountry "VEN"]
[SourceTitle "EXT 2023"]
[Source "ChessBase"]
[SourceDate "2022.10.05"]
[SourceVersion "1"]
[SourceVersionDate "2022.10.05"]
[SourceQuality "1"]

1. d4 d5 2. c4 e6 3. Nc3 Nf6 4. Bf4 Bb4 5. e3 0-0 6. Qc2 c5 7. Nf3 Bd7 8. a3 Bxc3+ 9. Qxc3 cxd4 10. Nxd4 Nc6 11. Bd3 Re8 12. Nxc6 Bxc6 13. 0-0 Nh5 14. Be5 Qg5 15. f3 Qxe3+ 16. Kh1 Qh6 17. g4 Nf6 18. g5 Qxg5 19. Rg1 Ng4 20. Qd4 dxc4 21. Be2 Qxe5 22. Qxg4 Rad8 23. Bxc4 Rd4 24. Rae1 Rxg4 25. Rxe5 Bxf3+ 26. Rg2 Rxg2 27. Bd5 Bxd5 28. Rxd5 exd5 0-1

[Event "Las Americas Team op U2400 Hybrid"]
[Site "Internet"]
[Date "2022.05.14"]
[Round "4.8"]
[White "Pendolema, Ariel"]
[Black "Cjuno Rosello, Leonel Alonso"]
[Result "0-1"]
[WhiteElo "1492"]
[BlackElo "1377"]
[PlyCount "90"]
[EventDate "2022.05.14"]
[EventType "team-swiss"]
[EventRounds "5"]
[EventCountry "VEN"]
[SourceTitle "EXT 2023"]
[Source "ChessBase"]
[SourceDate "2022.10.05"]
[SourceVersion "1"]
[SourceVersionDate "2022.10.05"]
[SourceQuality "1"]

1. e4 e6 2. d3 d5 3. Nd2 Nf6 4. g3 b6 5. Bg2 Bb7 6. e5 Nfd7 7. Ngf3 d4 8. 0-0 c5 9. Re1 Nc6 10. Nf1 Qc7 11. Bf4 g6 12. h4 Bg7 13. N1h2 h5 14. Qe2 Ne7 15. a4 a5 16. Ng5 Bxg2 17. Kxg2 Nd5 18. Nhf3 0-0 19. Bd2 Rac8 20. Nh2 Nxe5 21. f4 Nc6 22. Nhf3 Nce7 23. Qe4 Nf5 24. Rac1 Nf6 25. Qe2 Ng4 26. Nh2 Nfe3+ 27. Bxe3 Nxe3+ 28. Kg1 Qc6 29. Nf1 Ng4 30. Qe4 Qxa4 31. Nd2 Qc6 32. Qxc6 Rxc6 33. Nc4 Re8 34. Ne4 Bf8 35. Ne5 Nxe5 36. fxe5 Be7 37. Rf1 Kg7 38. Rf2 Rf8 39. Rcf1 c4 40. dxc4 Rxc4 41. Rd1 a4 42. Rfd2 Rd8 43. c3 dxc3 44. Nxc3 Rxd2 45. Rxd2 Bb4 0-1